00624 2200229 4500001002100000005001700021008004100038035002600079245002100105100002100126250000600147260005900153300002400212020002200236082000800258084001000266520002400276650004000300990001800340990001800358990001800376INLIS00000000000218320191229232413.0191229| ||| | ind  a 0010-12190000000218300cUlil amri Syafri0 aUlil amri Syafri a2 aRajawali Pers : JakartabRajawali Pers : Jakartac2014 a164 hlm ;c164 hlm, a978-979-769-493-70 a200 a2X7.3 aAPBD 2014 Rp.32.000 0aPendidikan Karakter Al-Qur'an 2x7.3 aB201509104276 aB201509104277 aB201509104278